00472nam a22001457a 4500082001500000100002000015245005100035260003200086300003200118526003700150650001300187942001200200999001900212952009500231 a526.9bAHM aAhmad, S939587 aSoulation of Problems surveying and levelling. aLahorebNational Book Stall aviii, 402p. :bill, :c4 Cm a0b0c0d526_900000000000000_AHM aMCE9379 2ddccBK c544047d544047 00102ddc4070aMCEbMCEd2014-04-09l0o526.9 AHMpMCE-30610r2014-04-09w2014-04-09yBK